header

Limited conflicts under the nuclear umbrella (Record no. 219956)

MARC details
000 -LEADER
fixed length control field 01891nam a2200445 a 4500
082 04 - DEWEY DECIMAL CLASSIFICATION NUMBER
Classification number 327.5491054
100 1# - MAIN ENTRY--AUTHOR NAME
Personal name Tellis, Ashley J.
245 10 - TITLE STATEMENT
Title Limited conflicts under the nuclear umbrella
260 ## - PUBLICATION, DISTRIBUTION, ETC. (IMPRINT)
Place of publication Santa Monica, Calif. :
Name of publisher Rand,
Year of publication 2001.
300 ## - PHYSICAL DESCRIPTION
Number of Pages xv, 91 p.
500 ## - GENERAL NOTE
General note "National Security Research Division."
General note "Prepared for the United States Communication Agency."
General note "Approved for public release; distribution unlimited."
700 1# - ADDED ENTRY--PERSONAL NAME
Personal name Fair, C. Christine.
Personal name Medby, Jamison Jo.
856 40 - ELECTRONIC LOCATION AND ACCESS
Uniform Resource Identifier http://site.ebrary.com/lib/rucke/Doc?id=10505562

No items available.

© 2026 Rongo University
Contact us: librarian | system librarian | Rongo university